[Event "ch-SCO"]
[Site "Stirling SCO"]
[Date "2002.07.06"]
[Round "1"]
[White "Gourlay,I"]
[Black "Kafka,G"]
[Result "1-0"]
[WhiteElo "2248"]
[BlackElo "2098"]

1.Nf3 d5 2.g3 Nc6 3.d4 g6 4.Bg2 Bg7 5.O-O Bg4 6.c4 Bxf3 7.Bxf3 Nxd4 8.Bxd5 c6
9.Bg2 e5 10.Nd2 Ne7 11.b4 O-O 12.Bb2 Qc7 13.e3 Ne6 14.Qb3 Rad8 15.Rad1 c5
16.a3 Kh8 17.Ne4 cxb4 18.axb4 f5 19.c5 fxe4 20.Qxe6 Nc6 21.Qc4 a5 22.b5 Nb4
23.Bxe4 Rc8 24.Rc1 Rfd8 25.Rfd1 Bf6 26.Qe6 Kg7 27.b6 Rxd1+ 28.Rxd1  1-0

[Event "XX Open"]
[Site "Andorra la Vella AND"]
[Date "2002.07.07"]
[Round "2"]
[White "Jeremic,V"]
[Black "Bannink,B"]
[Result "1-0"]
[WhiteElo "2482"]
[BlackElo "2261"]

1.Nf3 d5 2.g3 Nf6 3.Bg2 g6 4.O-O Bg7 5.d3 O-O 6.Nbd2 c5 7.c3 Nc6 8.e4 d4
9.c4 e5 10.Ne1 h6 11.Rb1 Be6 12.a3 a5 13.f4 Qd7 14.Ndf3 Kh7 15.b4 axb4 16.axb4 exf4
17.b5 Nb4 18.gxf4 Bh3 19.Ne5 Qc8 20.Bd2 Bxg2 21.Nxg2 Nh5 22.Bxb4 Bxe5 23.fxe5 cxb4
24.Rxb4 Qc5 25.Ra4 Rae8 26.Qg4 Re7 27.e6 Rxe6 28.Rxf7+ Rxf7 29.Qxe6 Qf8 30.Ra1 Rf2
31.Qd7+ Ng7 32.Qxd4 Rd2 33.Qe3 Qb4 34.Rf1 Qb2 35.Ne1 Re2 36.Qg3 Qd4+ 37.Kh1 Re3
38.Qf2 Rxd3 39.Nxd3 Qxd3 40.Rc1 Qxe4+ 41.Qg2 Qf4 42.Rg1 Qf7 43.c5 Ne6 44.c6 bxc6
45.bxc6 h5 46.Rf1 Qe7 47.Qd5 Ng7 48.Qc4 Qe8 49.c7 Qc8 50.Rf7 Qb7+ 51.Kg1 Qa7+
52.Kf1 Qa1+ 53.Ke2 Qb2+ 54.Kd3 Qb1+ 55.Kc3 Qe1+ 56.Kb3 Qb1+ 57.Kc3 Qa1+ 58.Kb4 Qb1+
59.Ka4 Qa1+ 60.Kb5 Qe5+ 61.Kc6  1-0

[Event "XX Open"]
[Site "Andorra la Vella AND"]
[Date "2002.07.09"]
[Round "4"]
[White "Berkovich,M"]
[Black "Dumitrache,D"]
[Result "1/2-1/2"]
[WhiteElo "2407"]
[BlackElo "2504"]

1.Nf3 d5 2.g3 c6 3.Bg2 Bg4 4.O-O Nd7 5.d4 e6 6.Nbd2 Ngf6 7.Re1 Be7 8.e4 dxe4
9.Nxe4 Nxe4 10.Rxe4 Bh5 11.c3 O-O 12.Qb3 Qb6 13.Re1 Bxf3 14.Bxf3 Rfe8 15.Bf4 Nf6
16.Qxb6 axb6 17.c4 Red8 18.Be3 Ra6 19.a4 Rd7 20.b3 Ra8 21.Red1 Kf8 22.h4 h5
23.d5 exd5 24.cxd5 c5 25.d6 Bxd6 26.Bxb7 Rxb7 27.Rxd6 Nd7 28.Rad1 Ke7 29.R6d5 c4
30.bxc4 Rxa4 31.Re1 Rxc4 32.Rxh5 g6 33.Rh7 Ne5 34.Bf4 Rxf4 35.Rxe5+ Kf8 36.gxf4 Kg8
37.Rh6 Kg7 38.Rxg6+ fxg6 39.Rb5 Kf7  1/2-1/2

[Event "Open"]
[Site "Oberwart AUT"]
[Date "2002.07.10"]
[Round "6"]
[White "Loginov,Va"]
[Black "Kupreichik,V"]
[Result "1-0"]
[WhiteElo "2526"]
[BlackElo "2466"]

1.Nf3 d5 2.g3 g6 3.Bg2 Bg7 4.d4 Nf6 5.c4 dxc4 6.Qa4+ Nfd7 7.Nbd2 c5 8.dxc5 Nc6
9.Nxc4 Nxc5 10.Qa3 Nd4 11.Nxd4 Qxd4 12.Na5 Ne4 13.O-O Nd6 14.Bf4 O-O 15.Rfd1 Qb6
16.Bxd6 Bxb2 17.Qa4 Bxa1 18.Nc4 Qd8 19.Be5 Qe8 20.Qxe8 Rxe8 21.Rxa1 f6 22.Bf4 Be6
23.Na5 Rac8 24.Nxb7 Rc2 25.a4 Rxe2 26.Be3 Rb2 27.Bxa7 Ra8 28.Bd4 Rxa4 29.Bxb2  1-0

[Event "Open Championships"]
[Site "Paris FRA"]
[Date "2002.07.10"]
[Round "5"]
[White "Bouton,C"]
[Black "Payen,A"]
[Result "0-1"]
[WhiteElo "2165"]
[BlackElo "2359"]

1.Nf3 d5 2.g3 Nf6 3.Bg2 Bf5 4.d3 e6 5.O-O h6 6.c4 c6 7.b3 Be7 8.Bb2 O-O 9.Nbd2 Bh7
10.Rc1 Nbd7 11.Rc2 Re8 12.Qa1 Bf8 13.Bh3 a5 14.a3 c5 15.cxd5 exd5 16.Ne5 Nxe5
17.Bxe5 Nd7 18.Nf3 Nxe5 19.Nxe5 b6 20.Rd2 Qd6 21.Nf3 Be7 22.a4 d4 23.Qc1 Ra7
24.Qc4 Bd8 25.Rc1 Rae7 26.Rcc2 Kh8 27.Qb5 f5 28.Bg2 g5 29.Ne1 Bg8 30.Qc6 Qe5
31.Rb2 Re6 32.Qb7 Qd6 33.Qd5 Qf8 34.Qb7 Bf7 35.Bc6 R8e7 36.Qa8 Bh5 37.Bf3 Bg6
38.Bd5 Rf6 39.Nf3 Bh5 40.Bc4 f4 41.Rb1 fxg3 42.fxg3 Bg4 43.h4 gxh4 44.Nxh4 Kg7
45.Bd5 Bc7 46.Qxf8+ Rxf8 47.Kg2 Rfe8 48.Bf3 Bxf3+ 49.exf3 Re2+ 50.Rxe2 Rxe2+
51.Kh3 Kf6 52.Ng2 Rd2 53.Ne1 Kf5 54.Ng2 Rxd3 55.Re1 Rxb3 56.Re7 Bd6 57.Rf7+ Ke6
58.Rh7 Rxf3  0-1

[Event "Open Championships"]
[Site "Paris FRA"]
[Date "2002.07.11"]
[Round "6"]
[White "Peyrat,O"]
[Black "Steimer,M"]
[Result "1/2-1/2"]
[WhiteElo "2300"]
[BlackElo "2110"]

1.Nf3 d5 2.g3 c6 3.Bg2 Bg4 4.b3 Nf6 5.Bb2 Nbd7 6.O-O e6 7.d3 Bd6 8.c4 O-O
9.Na3 Qe7 10.Nc2 a5 11.Qd2 Rfd8 12.Rad1 a4 13.b4 e5 14.cxd5 Nxd5 15.a3 f6
16.h3 Be6 17.e4 N5b6 18.Rfe1 c5 19.Bc3 Bb3 20.Rb1 Rdc8 21.Rec1 Rc7 22.bxc5 Bxc5
23.Bb4 Rac8 24.Bxc5 Qxc5 25.Nb4 Qd6 26.h4 Nc5 27.Qe3 Ne6 28.Bh3 Kf7 29.Rxc7+ Rxc7
30.Bxe6+ Qxe6 31.Rc1 Qd6 32.Kg2 Nd7 33.Rxc7 Qxc7 34.d4 exd4 35.Qxd4 Be6 36.Qb2 Qc4
37.e5  1/2-1/2

[Event "3rd Stage Russian Cup"]
[Site "Tomsk RUS"]
[Date "2002.07.11"]
[Round "4"]
[White "Khasin,Al"]
[Black "Logunov,M"]
[Result "1/2-1/2"]
[WhiteElo "2518"]
[BlackElo "2388"]

1.Nf3 d5 2.g3 Nf6 3.Bg2 g6 4.d4 Bg7 5.c4 c6 6.Qb3 O-O 7.Nc3 Qb6 8.O-O Na6
9.cxd5 Qxb3 10.axb3 cxd5 11.Bg5 Be6 12.Ra5 Rfd8 13.Rfa1 h6 14.Bxf6 Bxf6 15.e3 Rd6
16.Ne1 Rad8 17.Nd3 Rb6 18.R1a3 Bf5 19.Nc5 e6 20.Nxb7 Rxb7 21.Rxa6 Be7 22.Rxa7 Bxa3
23.Rxb7 Bxb2 24.Na4 Rc8 25.h3 Rc1+ 26.Kh2 Ba3 27.Rb6 h5 28.Bf3 Bd3  1/2-1/2

[Event "Jacques Lemans Open"]
[Site "St Veiter AUT"]
[Date "2002.07.12"]
[Round "7"]
[White "Franz,K"]
[Black "Genser,H"]
[Result "1/2-1/2"]
[WhiteElo "2232"]
[BlackElo "2248"]

1.Nf3 d5 2.g3 c6 3.Bg2 Nf6 4.d3 Bf5 5.O-O h6 6.Nbd2 e6 7.Qe1 Be7 8.e4 Bh7
9.Qe2 O-O 10.Ne1 Re8 11.e5 Nfd7 12.f4 f6 13.Bh3 Nf8 14.Kh1 c5 15.Ndf3 Nc6
16.c3 Rc8 17.g4 fxe5 18.Nxe5 Nxe5 19.Qxe5 Bd6 20.Qe2  1/2-1/2

[Event "ch-SCO"]
[Site "Stirling SCO"]
[Date "2002.07.12"]
[Round "7"]
[White "McNab,C"]
[Black "Bryson,D"]
[Result "1-0"]
[WhiteElo "2404"]
[BlackElo "2383"]

1.Nf3 d5 2.g3 Nf6 3.Bg2 e6 4.O-O Be7 5.d4 O-O 6.b3 c5 7.Bb2 Nc6 8.e3 b6 9.Nbd2 Ba6
10.Re1 Rc8 11.Rc1 Qc7 12.a3 Rfd8 13.c4 Ne4 14.cxd5 exd5 15.Nxe4 dxe4 16.Nd2 Qd7
17.Bxe4 cxd4 18.Nf3 Bf6 19.b4 d3 20.Bxf6 gxf6 21.Rxc6 Rxc6 22.Nd4 Rc4 23.Bxd3 Qh3
24.Bxc4 Bxc4 25.Qc2 Bd5 26.e4 Re8 27.f3 Rc8 28.Qd2 Be6 29.Rc1 Rd8 30.Nxe6  1-0

[Event "3rd Stage Russian Cup"]
[Site "Tomsk RUS"]
[Date "2002.07.12"]
[Round "5"]
[White "Kazakov,P"]
[Black "Saveljev,V"]
[Result "1-0"]
[WhiteElo "2424"]
[BlackElo "2265"]

1.Nf3 d5 2.g3 c6 3.Bg2 Bf5 4.O-O e6 5.b3 Nd7 6.Bb2 h6 7.d3 Ngf6 8.c4 Be7
9.Nbd2 O-O 10.Qc2 Bh7 11.Rac1 a5 12.e4 a4 13.Bc3 axb3 14.axb3 dxe4 15.Nxe4 Nxe4
16.dxe4 Bf6 17.Rfd1 Bxc3 18.Qxc3 Qe7 19.Nd2 Rfd8 20.e5 Nc5 21.Ra1 Rxa1 22.Rxa1 Qc7
23.Qe3 Nd3 24.f4 Nb4 25.Ra4 Nc2 26.Qf2 Qd7 27.c5 Bd3 28.Ra2 Bg6 29.Nf1 Qd3
30.h4 Qxb3 31.Ra7 Bd3 32.Nd2 Qb4 33.h5 Nd4 34.Kh2 Qxc5 35.Rxb7 Qc2 36.g4 c5
37.g5 hxg5 38.fxg5 Bf5 39.g6 fxg6 40.Qh4 Rf8 41.Qe7  1-0

[Event "XX Open"]
[Site "Andorra la Vella AND"]
[Date "2002.07.13"]
[Round "8"]
[White "Berkovich,M"]
[Black "Rizouk,A"]
[Result "0-1"]
[WhiteElo "2407"]
[BlackElo "2499"]

1.g3 d5 2.Nf3 Nf6 3.Bg2 c6 4.c4 dxc4 5.Na3 e5 6.Nxc4 e4 7.Ng5 Bc5 8.O-O Bf5
9.Qb3 Qe7 10.d4 exd3 11.exd3 O-O 12.d4 Bxd4 13.Bf4 Nd5 14.Bd6 Qxg5 15.Bxf8 b5
16.Ne3 Nxe3 17.fxe3 Be6 18.Qa3 Qxe3+ 19.Kh1 Nd7 20.Qxe3 Bxe3 21.Bd6 Rc8 22.Rad1 Nf6
23.Bf4 Bb6 24.Rd6 Nd5 25.Rc1 Nxf4 26.gxf4 c5 27.Bd5 Bf5 28.Re1 Kf8 29.Bb7 Rb8
30.Bc6 g6 31.Kg2 c4 32.Red1 b4 33.Rc1 c3 34.bxc3 Be3 35.Re1 bxc3 36.Ba4 Bxf4
37.Rd4 Rb2+ 38.Kf3 Bg5 39.h4 Bf6 40.Rc4 Rxa2 41.h5 gxh5 42.Kf4 Bg6  0-1

[Event "2nd Pentium4"]
[Site "Milan ITA"]
[Date "2002.07.13"]
[Round "5"]
[White "Belotti,B"]
[Black "Sedina,E"]
[Result "1/2-1/2"]
[WhiteElo "2430"]
[BlackElo "2416"]

1.g3 d5 2.Nf3 c6 3.Bg2 Bg4 4.O-O Nd7 5.d4 e6 6.Nbd2 Ngf6 7.Re1 Be7 8.e4 dxe4
9.Nxe4 Nxe4 10.Rxe4 Bf5 11.Re1 O-O 12.Qe2 h6 13.Bf4 Re8 14.c4 a5 15.Red1 Qb6
16.Rac1 a4 17.c5 Qa6 18.Qxa6 Rxa6 19.Ne5 Nxe5 20.dxe5 Ra5 21.Be3 Rd8 22.Rxd8+ Bxd8
23.f4 Rb5 24.Rc4 Rxb2 25.Rxa4 Rb1+ 26.Kf2 Rb2+ 27.Kg1 Rb1+ 28.Kf2 Rb2+ 29.Kg1  1/2-1/2

[Event "Open"]
[Site "Oberwart AUT"]
[Date "2002.07.13"]
[Round "9"]
[White "Fridman,D"]
[Black "Horvath,P1"]
[Result "1-0"]
[WhiteElo "2571"]
[BlackElo "2514"]

1.Nf3 d5 2.g3 Nf6 3.Bg2 e6 4.d4 b5 5.O-O Be7 6.b3 Ba6 7.Ne5 O-O 8.c4 c5 9.Be3 Qc7
10.Nc3 b4 11.Na4 cxd4 12.Bxd4 Nbd7 13.Nxd7 Qxd7 14.Nc5 Bxc5 15.Bxc5 Rfd8
16.Bxb4 Rab8 17.Ba5 Rdc8 18.cxd5 Nxd5 19.Qd2 Qb5 20.e4 Nf6 21.Rfd1 Qe5 22.Rac1 h6
23.Bc3 Qh5 24.h3 Qg6 25.Qe3 Bb7 26.Bxf6 gxf6 27.Rxc8+ Rxc8 28.Rd7  1-0

[Event "Open"]
[Site "Oberwart AUT"]
[Date "2002.07.13"]
[Round "9"]
[White "Stuhlik,M"]
[Black "Weglarz,L"]
[Result "1-0"]
[WhiteElo "2244"]
[BlackElo "2354"]

1.Nf3 d5 2.g3 Nf6 3.Bg2 e6 4.O-O Be7 5.d4 O-O 6.Nbd2 b6 7.c4 Bb7 8.b3 c5
9.Bb2 Nbd7 10.e3 Rc8 11.Rc1 Rc7 12.Ne5 Qa8 13.Ndf3 dxc4 14.Nxc4 cxd4 15.exd4 Rfc8
16.Qe2 b5 17.Nce5 a6 18.Rxc7 Rxc7 19.Nxf7 Kxf7 20.Ng5+ Ke8 21.Nxe6 Rc8 22.Re1 Kf7
23.Ng5+ Kg6 24.Bxb7 Qxb7 25.Qxe7 Kxg5 26.Qxg7+ Kf5 27.Re5+  1-0

[Event "ch-SCO"]
[Site "Stirling SCO"]
[Date "2002.07.13"]
[Round "8"]
[White "Gourlay,I"]
[Black "Bryson,D"]
[Result "0-1"]
[WhiteElo "2248"]
[BlackElo "2383"]

1.Nf3 d5 2.g3 Nf6 3.Bg2 e6 4.c4 Be7 5.O-O O-O 6.b3 c5 7.cxd5 exd5 8.d4 Nc6
9.Bb2 Bg4 10.Nc3 Re8 11.Rc1 Qa5 12.Ne5 cxd4 13.Nxc6 bxc6 14.Qxd4 Rad8 15.h3 Bc8
16.Na4 Ba6 17.Rxc6 Bxe2 18.Rfc1 Bd6 19.Qh4 Ne4 20.Bxe4 dxe4 21.Nc5 Qd2 22.Nb7 e3
23.Bd4 Be7 24.Bxe3 Qxc1+ 25.Rxc1 Bxh4 26.gxh4 Rd1+ 27.Rxd1 Bxd1 28.Nd6 Re6
29.Nb5 a6 30.Nd4 Re4 31.a4 Re8 32.a5 Rb8 33.Nc6 Rxb3 34.Ne7+ Kf8 35.Bc5 Rb5
36.Bd6 Ke8  0-1

[Event "3rd Stage Russian Cup"]
[Site "Tomsk RUS"]
[Date "2002.07.13"]
[Round "6"]
[White "Khasin,Al"]
[Black "Yudin,S"]
[Result "1-0"]
[WhiteElo "2518"]
[BlackElo "2328"]

1.Nf3 d5 2.g3 e6 3.Bg2 Nf6 4.O-O Be7 5.d4 O-O 6.c4 dxc4 7.Ne5 Nc6 8.Bxc6 bxc6
9.Nxc6 Qe8 10.Nxe7+ Qxe7 11.Qa4 Rb8 12.Qxc4 Rb4 13.Qc3 Rd8 14.Na3 Nd5 15.Qc5 Qxc5
16.dxc5 Ba6 17.Re1 Re4 18.Kf1 Nf6 19.f3 Re5 20.b4 c6 21.Kf2 Red5 22.Nc2 Rd1
23.Rxd1 Rxd1 24.Bf4 Rxa1 25.Nxa1 Nd5 26.Bd2 Bc4 27.a3 e5 28.e4 Nc7 29.Bc3 f6
30.Nc2 Kf7 31.Ne3 Bb5 32.Nf5 Ne8 33.f4 exf4 34.gxf4 Ba4 35.Ke3 g6 36.Nh6+ Ke6
37.f5+ Ke7 38.h4 Bd1 39.Kf4 a6 40.Ng4 Kf7 41.e5 gxf5 42.Ne3 fxe5+ 43.Kxe5 Bb3
44.Nxf5 Ba2 45.Nd6+ Ke7 46.Nxe8 Kxe8 47.Kd6 Bd5 48.Kc7 Ke7 49.Be5 h5 50.Bf4 Be4
51.Kb7 Kd7 52.Kxa6 Bd3+ 53.Kb6 Bc2 54.b5 Ba4 55.Ka5 cxb5 56.Kb6 Bd1 57.c6+ Kc8
58.Kxb5 Be2+ 59.Kc5 Bd1 60.Kd6 Bc2 61.Kc5 Bd1 62.Kb4 Bf3 63.c7 Kb7 64.a4 Bd1
65.a5 Be2 66.Kc5 Bf1 67.Kd6 Bh3 68.Ke7 Kc8 69.a6 Bg4 70.a7  1-0

[Event "CAN&QC Open"]
[Site "Montreal CAN"]
[Date "2002.07.14"]
[Round "3"]
[White "Nogueiras,J"]
[Black "Bluvshtein,M"]
[Result "1/2-1/2"]
[WhiteElo "2546"]
[BlackElo "2367"]

1.Nf3 d5 2.g3 c6 3.Bg2 Nf6 4.O-O Bg4 5.d3 Nbd7 6.Nbd2 e6 7.h3 Bh5 8.e4 dxe4
9.dxe4 Ne5 10.Qe2 Be7 11.g4 Nxf3+ 12.Nxf3 Bg6 13.Ne5 O-O 14.Bf4 Qa5 15.Bg3 Rfd8
16.h4 Qd2 17.Rae1 Qxe2 18.Rxe2 Bd6 19.Bf3 Bxe5 20.Bxe5 Nd7 21.Bc7 Rdc8 22.Bg3 f6
23.h5 Be8 24.Rd2 Ne5 25.Be2 Rd8 26.Rfd1 Rxd2 27.Rxd2 Nf7 28.f3 e5 29.Bf2 g6
30.hxg6 hxg6 31.a4 c5 32.Bxc5 Bxa4 33.b3 Bc6 34.b4 b6 35.Be7 Kg7 36.b5 Be8
37.Bb4  1/2-1/2

[Event "Open Championships"]
[Site "Paris FRA"]
[Date "2002.07.14"]
[Round "9"]
[White "Cossin,S"]
[Black "Bergez,L"]
[Result "0-1"]
[WhiteElo "2230"]
[BlackElo "2351"]

1.Nf3 d5 2.g3 c6 3.Bg2 Bg4 4.O-O Nd7 5.d4 e6 6.Nbd2 Ngf6 7.h3 Bh5 8.Ne5 Nxe5
9.dxe5 Nd7 10.f4 g5 11.g4 Bc5+ 12.e3 gxf4 13.Nb3 f3 14.Qxf3 Bg6 15.Nxc5 Nxc5
16.Qf4 Qe7 17.b3 Nd7 18.a4 h5 19.Ba3 Qh4 20.c4 hxg4 21.hxg4 O-O-O 22.cxd5 exd5
23.Rf3 Be4 24.Rh3 Qxh3 25.Bxh3 Rxh3 26.Rf1 Rdh8 27.Bd6 Bd3 28.Kf2 Rh2+ 29.Ke1 Re2+
30.Kd1 Ra2 31.Qxf7 Bxf1 32.e6 Be2+  0-1

[Event "ch-SCO"]
[Site "Stirling SCO"]
[Date "2002.07.14"]
[Round "9"]
[White "Grant,A"]
[Black "McKay,R"]
[Result "1/2-1/2"]
[WhiteElo "2195"]
[BlackElo "2375"]

1.Nf3 d5 2.g3 Bg4 3.Bg2 Nd7 4.d4 c6 5.Nbd2 e6 6.O-O Ngf6 7.c4 Be7 8.b3 O-O
9.Bb2 b6 10.c5 a5 11.a3 h6 12.Ne1 Qc7 13.f4 Nh7 14.Nd3 f5 15.Nf3 Bh5 16.Qd2 Nhf6
17.Nfe5 Ne4 18.Qe3 Nxe5 19.Nxe5 Bf6 20.Nd3 Kh7 21.Bf3 Be8 22.Kh1 Qe7 23.Bxe4 fxe4
24.Ne5 Bxe5  1/2-1/2

[Event "Dutch Open"]
[Site "Dieren NED"]
[Date "2002.07.15"]
[Round "6"]
[White "Vogel,J"]
[Black "Hendriks,R"]
[Result "1-0"]
[WhiteElo "2266"]
[BlackElo "2158"]

1.Nf3 d5 2.g3 c6 3.b3 Bg4 4.Bg2 Nd7 5.Bb2 e6 6.c4 Ngf6 7.O-O Bd6 8.d4 h6
9.Ne5 Bf5 10.Nd2 O-O 11.e3 Qb8 12.f4 Bh7 13.Qe2 Rd8 14.g4 Ne8 15.e4 dxc4
16.Ndxc4 Nb6 17.f5 exf5 18.gxf5 c5 19.Nxf7 Kxf7 20.e5 Kg8 21.exd6 Nxd6 22.dxc5 Nbxc4
23.bxc4 Nf7 24.Qg4  1-0

[Event "EuJun"]
[Site "Baku AZE"]
[Date "2002.07.16"]
[Round "3"]
[White "Gashimov,S"]
[Black "Tahirov,F"]
[Result "1-0"]
[WhiteElo "2262"]
[BlackElo "2363"]

1.Nf3 d5 2.g3 Nd7 3.c4 dxc4 4.Qa4 Nf6 5.Bg2 a6 6.Qxc4 e6 7.O-O b5 8.Qc2 Bb7
9.b3 c5 10.Bb2 Be7 11.d3 O-O 12.Nbd2 Qb6 13.Rac1 Rac8 14.Qb1 Rfe8 15.Qa1 Bf8
16.h3 e5 17.Rfd1 Bd6 18.e4 Nh5 19.Nf1 c4 20.bxc4 bxc4 21.d4 Bxe4 22.dxe5 Bc5
23.Rxd7 Bxf2+ 24.Kh2 Bxf3 25.Bxf3 Bxg3+ 26.Kh1 Qf2 27.Bxh5 Bf4 28.e6 f6 29.Bd4 Qh4
30.Bf7+ Kh8 31.Rc3 Bb8 32.Qd1 Red8 33.Rxd8+ Rxd8 34.e7  1-0

[Event "Dutch Open"]
[Site "Dieren NED"]
[Date "2002.07.16"]
[Round "7"]
[White "Van der Weide,K"]
[Black "Vogel,J"]
[Result "1/2-1/2"]
[WhiteElo "2403"]
[BlackElo "2266"]

1.g3 d5 2.Nf3 Nf6 3.Bg2 e6 4.O-O Be7 5.d3 b5 6.e4 Bb7 7.exd5 exd5 8.Nc3 c6
9.Ne2 O-O 10.d4 Bc8 11.h3 Ne4 12.Ne5 Bf6 13.Bf4 Re8 14.g4 Qb6 15.Ng3 Nxg3
16.Bxg3 Nd7 17.Re1 Nf8 18.Qd2 Be6 19.Kh2 Bxe5 20.dxe5 d4 21.f4 Rad8 22.f5 Bd5
23.Bf1 c5 24.h4 Bc4 25.Bh3 d3 26.Re3 dxc2 27.Qxc2 Rd4 28.b3 Red8 29.Be1 Rd3
30.Qf2 Rxe3 31.Qxe3 Rd3 32.Qf2 Bd5  1/2-1/2

[Event "Dutch Open"]
[Site "Dieren NED"]
[Date "2002.07.17"]
[Round "8"]
[White "Heemskerk,W"]
[Black "Algera,S"]
[Result "1/2-1/2"]
[WhiteElo "2280"]
[BlackElo "2057"]

1.Nf3 d5 2.g3 Nf6 3.Bg2 e6 4.O-O Be7 5.d4 O-O 6.c4 dxc4 7.Qc2 a6 8.Qxc4 b5
9.Qc2 Bb7 10.Bf4 Bd6 11.Nbd2 Bxf4 12.gxf4 Qd6 13.e3 Nbd7 14.Rfd1 Rac8 15.Nb3 Be4
16.Qe2 Bd5 17.Ne5 Bxg2 18.Kxg2 Nd5 19.Nxd7 Qxd7 20.Nc5 Qd6 21.Qf3 Kh8 22.Rac1 Rg8
23.Ne4 Qd7 24.Rc5 g5 25.fxg5 f5 26.Nc3 Rxg5+ 27.Kf1 Nxc3 28.bxc3 Rcg8 29.Ke2 b4
30.Qc6 Qxc6 31.Rxc6 bxc3 32.Rxc7 Rb8 33.Rxc3 Rb2+ 34.Rd2 Rxd2+ 35.Kxd2 Rg2
36.Ke2 Rxh2 37.Rc6 Rh1 38.Rxe6 a5 39.Ra6 Kg7 40.Kf3 h5 41.Rxa5 Kg6 42.Ra8 h4
43.a4 Kg7 44.a5 Rg1 45.Kf4 h3 46.Ra7+ Kh8 47.Ra8+ Kh7 48.Ra7+  1/2-1/2

[Event "2nd Pentium4"]
[Site "Milan ITA"]
[Date "2002.07.17"]
[Round "9"]
[White "Lazic,Mi"]
[Black "Sedina,E"]
[Result "1-0"]
[WhiteElo "2474"]
[BlackElo "2416"]

1.Nf3 d5 2.g3 c6 3.Bg2 Bg4 4.O-O Nd7 5.h3 Bh5 6.d3 e5 7.e4 dxe4 8.dxe4 Bc5
9.Nbd2 f6 10.Qe2 Ne7 11.Rd1 Qc7 12.Nb3 Bb6 13.Qc4 Bf7 14.Qc3 Rd8 15.Nfd2 Nf8
16.a4 a6 17.a5 Ba7 18.Re1 Ne6 19.Nc4 O-O 20.Be3 Bxe3 21.Nxe3 Nc8 22.Kf1 Nd6
23.Qb4 Nb5 24.c3 Rd7 25.h4 Rfd8 26.Bh3 Rd3 27.Bxe6 Bxe6 28.Nc5 Bh3+ 29.Kg1 R3d6
30.Nc4 Qc8 31.Nxd6 Nxd6 32.Qb3+ Nf7 33.Rad1 Bg4 34.Rxd8+ Qxd8 35.Qxb7 h5
36.Qxa6 Qd2 37.Qf1 Qxb2 38.a6 Kh7 39.a7 Qa3 40.Na6  1-0

[Event "XVIII Open"]
[Site "Ferrol ESP"]
[Date "2002.07.19"]
[Round "3"]
[White "Strikovic,A"]
[Black "Salgado Lopez,I"]
[Result "1-0"]
[WhiteElo "2448"]
[BlackElo "2163"]

1.Nf3 d5 2.g3 c6 3.Bg2 Nf6 4.O-O Bg4 5.d3 Nbd7 6.Nbd2 e5 7.e4 Bd6 8.h3 Be6
9.Ng5 O-O 10.Nxe6 fxe6 11.Qe2 Qc7 12.h4 Rfe8 13.Bh3 Nf8 14.Nf3 Re7 15.Bd2 Rae8
16.Kh1 Ng6 17.Rae1 Bc5 18.b4 Bb6 19.c4 dxc4 20.dxc4 Bd4 21.Nxd4 exd4 22.e5 Nd7
23.h5 Ngf8 24.c5 b6 25.Bg2 a5 26.cxb6 Nxb6 27.bxa5 Nd5 28.Qc4 c5 29.f4 g6
30.Rc1 Nd7 31.Kh2 Rb8 32.Bxd5 exd5 33.Qxd5+ Kg7 34.Qxd4 Rd8 35.Qc3  1-0

[Event "KB Czech Open"]
[Site "Pardubice CZE"]
[Date "2002.07.19"]
[Round "1"]
[White "Schwartz,Y"]
[Black "Burmakin,V"]
[Result "1/2-1/2"]
[WhiteElo "2299"]
[BlackElo "2574"]

1.Nf3 d5 2.g3 c6 3.Bg2 Nf6 4.d3 Nbd7 5.O-O e5 6.e4 dxe4 7.dxe4 Bc5 8.Nbd2 O-O
9.Nh4 Nb6 10.Nb3 Be7 11.Nf5 Bxf5 12.exf5 Qc7 13.Qe2 Rad8 14.Bg5 h6 15.Bxf6 Bxf6
16.Nc5 Qc8 17.Qh5 Be7 18.Ne4 Nd5 19.Rad1 Qc7 20.c3 Qa5 21.a3 Qb6 22.Qe2 Nf6
23.Nxf6+ Bxf6 24.Be4 Qb3 25.Qc2 Qc4 26.Bd3 Qc5 27.Be4 Qb5 28.Bd3 Qb6 29.Be4 a5
30.b4 Ra8 31.Qb3 axb4 32.axb4 Qa6 33.Rd7 Rad8 34.Rfd1 Rxd7 35.Rxd7 Qe2 36.Qc2 Qe1+
37.Kg2 Rd8 38.Rxd8+ Bxd8 39.b5  1/2-1/2

[Event "SCCF State Ch"]
[Site "Costa Mesa USA"]
[Date "2002.07.20"]
[Round "6"]
[White "Altounian,L"]
[Black "Small,G"]
[Result "1/2-1/2"]
[WhiteElo "2448"]
[BlackElo "2245"]

1.Nf3 d5 2.g3 Nf6 3.Bg2 Bf5 4.O-O h6 5.c4 c6 6.d3 e6 7.Be3 dxc4 8.dxc4 Qxd1
9.Rxd1 Nbd7 10.Nc3 Bc5 11.Bxc5 Nxc5 12.Nd4 Be4 13.Nxe4 Ncxe4 14.Nb3 Ke7 15.Rd4 Nd6
16.Rad1 Rhd8 17.Na5 c5 18.R4d3 Rab8 19.Rb3 Nfe8 20.Rdd3 Rdc8 21.Bxb7 Nxb7
22.Nxb7 Rc7 23.Na5 Rb4 24.Rxb4 cxb4 25.a3 bxa3 26.Rxa3 Nd6 27.b4 Nb7 28.Nb3 Nd6
29.Na5 Nb7 30.c5 Nxa5 31.Rxa5 Rb7 32.b5 Rc7 33.c6 Kd6 34.Ra3 Kc5 35.Rb3 Kb6
36.Kg2 a6 37.bxa6+ Kxa6 38.f4 Rxc6 39.g4 Rb6 40.Rd3 Rb7 41.Rd8 Kb6 42.Rg8 g6
43.Rh8 Kc5 44.Kf3 Kd6 45.Rxh6 Rb3+ 46.e3 Ke7 47.Rh8 Rb2 48.g5 Ra2 49.h4 Rh2
50.e4 Rh3+ 51.Kf2 Rh1 52.Ke3 Rf1 53.h5 gxh5 54.Rxh5 Kf8 55.Rh4 Kg7  1/2-1/2

[Event "Battle of Senta Open"]
[Site "Senta YUG"]
[Date "2002.07.20"]
[Round "2"]
[White "Posa,D"]
[Black "Bicskei,M"]
[Result "0-1"]
[WhiteElo "2046"]
[BlackElo "2111"]

1.Nf3 d5 2.g3 c6 3.Bg2 e6 4.O-O f5 5.d3 Nf6 6.Nbd2 Bd6 7.c4 O-O 8.Re1 Nbd7
9.e4 fxe4 10.dxe4 Ng4 11.h3 Nxf2 12.Kxf2 Qb6+ 13.Kf1 Bxg3 14.Re2 Ne5 15.Qb3 Qd4
16.Qe3 Nxf3 17.Bxf3 Qf6 18.exd5 exd5 19.cxd5 Bxh3+ 20.Kg1 Bf4 21.Qe7 Qg6+
22.Kh1 Rae8 23.Qxf8+ Rxf8 24.Be4 Qh5  0-1

[Event "Battle of Senta Open"]
[Site "Senta YUG"]
[Date "2002.07.20"]
[Round "3"]
[White "Arsovic,Z"]
[Black "Mijic,V"]
[Result "1-0"]
[WhiteElo "2410"]
[BlackElo "2260"]

1.Nf3 d5 2.g3 c5 3.Bg2 Nc6 4.O-O e5 5.d3 Nf6 6.Nbd2 Be7 7.e4 d4 8.Nc4 Qc7
9.a4 Be6 10.Ng5 Bxc4 11.dxc4 h6 12.Nh3 g5 13.f3 O-O-O 14.Nf2 Rdg8 15.Bh3+ Kb8
16.Bd2 h5 17.Bf5 Ne8 18.Qe2 Nd6 19.Bh3 Rg7 20.b3 Rgh7 21.Bf5 Rg7 22.Nd3 a5
23.Rf2 b6 24.Raf1 h4 25.Rg2 Bd8 26.gxh4 Rxh4 27.f4 f6 28.fxg5 fxg5 29.Be1 Rh8
30.Be6 Qe7 31.Bd5 Nb4 32.Bxb4 axb4 33.a5 Qd7 34.Nxe5 Qh3 35.Nc6+ Kc7 36.a6 g4
37.Nxd8 Rxd8 38.Qd3 Qh6 39.a7 Nb7 40.Qg3+  1-0

[Event "XVIII Open"]
[Site "Ferrol ESP"]
[Date "2002.07.21"]
[Round "5"]
[White "Strikovic,A"]
[Black "Paunovic,D"]
[Result "1/2-1/2"]
[WhiteElo "2448"]
[BlackElo "2514"]

1.Nf3 d5 2.g3 Nf6 3.Bg2 c6 4.O-O Bg4 5.d4 e6 6.Nbd2 Nbd7 7.Re1 Be7 8.e4 dxe4
9.Nxe4 Nxe4 10.Rxe4 Nf6 11.Re1 O-O  1/2-1/2

[Event "TCh-POL Jun"]
[Site "Laczna POL"]
[Date "2002.07.21"]
[Round "8"]
[White "Tazbir,M"]
[Black "Tomczak,J"]
[Result "1/2-1/2"]
[WhiteElo "2243"]
[BlackElo "2142"]

1.Nf3 d5 2.g3 c5 3.Bg2 Nc6 4.c4 Nf6 5.cxd5 Nxd5 6.Nc3 Nxc3 7.bxc3 e5 8.d3 Be7
9.O-O O-O 10.Be3 Be6 11.Nd2 Rc8 12.f4 exf4 13.Bxf4 Bf6 14.Ne4 Bxc3 15.Nxc3 Qd4+
16.Kh1 Qxc3 17.Rc1 Qd4 18.e3 Qd7 19.Rxc5 Bxa2 20.d4 b6 21.Rc1 Ne7 22.Rxc8 Rxc8
23.e4 f5 24.d5 fxe4 25.d6 Ng6 26.Bxe4 Nxf4 27.Rxf4 Be6 28.Qh5 h6 29.Qg6 Rc1+
30.Kg2 Bh3+ 31.Kf2 Rf1+ 32.Ke3 Rxf4 33.gxf4 Kf8 34.f5 Qd8 35.Kd4 Bf1 36.Kd5 Ba6
37.Qe6 Bc8 38.Qg6 Bb7+ 39.Ke5 Bxe4 40.Kxe4 a5 41.Kd5 a4 42.f6 gxf6 43.Qxh6+ Kg8
44.Qg6+ Kf8 45.Qh7 Qa8+ 46.Kd4 Qe8 47.Qh8+ Kf7 48.Qh5+ Kf8 49.Qh8+  1/2-1/2

[Event "KB Czech Open"]
[Site "Pardubice CZE"]
[Date "2002.07.21"]
[Round "3"]
[White "Espig,L"]
[Black "Gyimesi,Z"]
[Result "1/2-1/2"]
[WhiteElo "2408"]
[BlackElo "2580"]

1.Nf3 d5 2.g3 c6 3.Bg2 Bg4 4.b3 Nd7 5.Bb2 Ngf6 6.d3 e6 7.Nbd2 a5 8.a3 Be7
9.O-O O-O 10.e4 b5 11.Qe1 Qb6 12.h3 Bxf3 13.Nxf3 a4 14.b4 dxe4 15.dxe4 c5
16.c3 Qb7 17.Rd1 Nb6 18.Ne5 Qc7 19.f4 Bd6 20.Nxf7 Rxf7 21.e5 Nfd5 22.exd6 Qxd6
23.Rf2 Re8 24.Re2 Ree7 25.Bc1 Nc4 26.Kh2 h5 27.h4 g6 28.Bh3 Rf6 29.bxc5 Qc6
30.f5 Rxf5 31.Bxf5 gxf5 32.Bf4 Kf7 33.Bg5 Re8 34.Qf2 Nxc3 35.Qd4 Nd5 36.Rd3 Rc8
37.Qa1 Re8 38.Qd4 Rc8 39.Qa1 Re8  1/2-1/2

[Event "Capital of Siberia Open"]
[Site "Novosibirsk RUS"]
[Date "2002.07.22"]
[Round "4"]
[White "Permiakov,V"]
[Black "Bespalov,A"]
[Result "1/2-1/2"]
[WhiteElo "2351"]
[BlackElo "2290"]

1.Nf3 d5 2.g3 Nf6 3.Bg2 g6 4.O-O Bg7 5.c4 c6 6.cxd5 cxd5 7.d4 O-O 8.Nc3 a6
9.Ne5 b5 10.Bg5 Bb7 11.Bxf6 Bxf6 12.Qb3 e6 13.e3 Bxe5 14.dxe5 Nc6 15.f4 Qb6
16.Ne2  1/2-1/2

[Event "KB Czech Open"]
[Site "Pardubice CZE"]
[Date "2002.07.22"]
[Round "4"]
[White "Stryjecki,M"]
[Black "Moroz,A"]
[Result "1/2-1/2"]
[WhiteElo "2424"]
[BlackElo "2514"]

1.g3 d5 2.Nf3 c6 3.Bg2 Bg4 4.O-O Nd7 5.d3 e6 6.c4 Bd6 7.cxd5 cxd5 8.h3 Bh5
9.e4 Ne7 10.Nc3 O-O 11.exd5 exd5 12.Ne2 Qb6 13.Nf4 Bg6 14.Nh4 Nf6 15.Nhxg6 hxg6
16.Qb3 Qxb3 17.axb3 Rfc8 18.Be3 Rc7 19.Bd4 Bxf4 20.gxf4 a6 21.Rfe1  1/2-1/2